[Event "Championnat de Paris - Open B"]
[Site "Paris"]
[Date "2008.06.28"]
[Round "1.1"]
[White "Angles, Max"]
[Black "Collette, Gilles"]
[Result "1-0"]
[WhiteElo "1670"]
[BlackElo "1900"]
[Annotator ""]

1. d4 Nf6 2. c4 Nc6 3. Nf3 e6 4. Nc3 Bb4 5. Bg5 h6 6. Bh4 d6 7. e3 g5 8. Nxg5
hxg5 9. Bxg5 Bxc3+ 10. bxc3 Nb8 11. Qf3 Nbd7 12. e4 Rg8 13. h4 e5 14. dxe5 Nxe5
15. Qxf6 Qxf6 16. Bxf6 Ng4 17. Bg5 Be6 18. Rb1 b6 19. Bf4 Nf6 20. g3 Nxe4
21. Rc1 Rd8 22. Bg2 Nc5 23. Bc6+ Bd7 24. Bxd7+ Kxd7 25. Rd1 Rde8+ 26. Be3 Ne4
27. Rc1 Nxg3 28. Rh2 Nf5 29. Ke2 Rg4 30. h5 Nxe3 31. fxe3 Rh8 32. h6 Ke6
33. Kd3 Kf6 34. Rf1+ Kg6 35. Rhf2 Rxh6 36. Rxf7 Rhh4 37. Rxc7 Rh7 38. Rxh7 Kxh7
39. Rf7+ Rg7 40. Rxg7+ Kxg7 41. Ke4 Kf6 42. Kd5 Ke7 43. Kc6 Ke6 44. Kb7 Kd7
45. a4 Kd8 46. Kxa7 Kc7 47. Ka6 Kc6 48. e4 Kc7 49. Kb5 Kb7 50. c5 1-0

[Event "Championnat de Paris - Open B"]
[Site "Paris"]
[Date "2008.06.28"]
[Round "1.2"]
[White "Bah, Ismael"]
[Black "Mayeur, Julien"]
[Result "1-0"]
[WhiteElo "1890"]
[BlackElo "1670"]
[Annotator ""]

1. b4 d5 2. Bb2 Nf6 3. a3 Bf5 4. Nf3 Nbd7 5. e3 Nb6 6. Nc3 e6 7. Nh4 Bg4 8. Nf3
c6 9. Be2 Bd6 10. O-O Qc7 11. h3 h5 12. Nd4 Nbd7 13. f3 Bf5 14. Nxf5 exf5
15. Bd3 g6 16. Qe1 h4 17. f4 Rh7 18. Ne2 O-O-O 19. c4 Be7 20. Qd1 dxc4 21. Bxc4
Nb6 22. Ba2 Nfd5 23. Nd4 Bf6 24. Rc1 Qe7 25. Qb3 Bxd4 26. Bxd4 Nc7 27. a4 Ne6
28. Bc3 Nd5 29. d4 Nxe3 30. Rf3 Nd5 31. Re1 Qd6 32. b5 Nxc3 33. bxc6 Qxd4+
34. Kh1 bxc6 35. Rxc3 Nc5 36. Qc2 Nb7 37. Rxc6+ Kb8 38. Rc7 Qxf4 39. Ree7 Qf1+
40. Kh2 Qf4+ 41. Kg1 Qd4+ 42. Kh1 Qd1+ 43. Qxd1 Rxd1+ 44. Kh2 Nd6 45. Rcd7 Rh8
46. Bc4 Rc8 47. Ba6 Rc6 48. Rd8+ Nc8 49. Rxd1 Nxe7 50. Bb5 Rc7 51. Rd8+ Kb7
52. Rh8 g5 53. Rh5 f6 54. Rh8 Ng6 55. Rd8 Rf7 56. Bd7 Kc7 57. Ra8 Kd6 58. Bxf5
Ne5 59. Rc8 Nc6 60. Be4 Rc7 61. Rf8 Ke5 62. Bf3 Nd4 63. Re8+ Kd6 64. Bg4 Nb3
65. Re6+ Kd5 66. Rxf6 Nd4 67. Rg6 Kc4 68. Rxg5 Rh7 69. Re5 Nb3 70. Re4+ Kd3
71. Rf4 Nd2 72. a5 Ke3 73. Rf5 Nc4 74. Rf3+ Kd2 75. a6 Ne5 76. Rf4 Nxg4+
77. Rxg4 Ke3 78. Kg1 Kd3 79. Rf4 Ke3 80. Rf6 Ke2 81. Re6+ Kd3 82. Kf2 Rf7+
83. Ke1 Rh7 84. Rf6 Ke3 85. Rf3+ Kd4 86. Kd1 Kc4 87. Ke2 Kb5 88. Rf6 Re7+
89. Kf3 Rh7 90. Kg4 Rg7+ 91. Kxh4 Rxg2 92. Kh5 Rg8 93. h4 Rh8+ 94. Kg5 Rg8+
95. Rg6 Re8 96. h5 Re5+ 97. Kh6 Re7 98. Rf6 Kc5 99. Kg6 Kd5 100. h6 Ke5
101. Rf5+ Ke6 102. Rb5 Kd6 103. Rb7 Rxb7 104. axb7 Kc7 105. h7 Kxb7 106. h8=Q
Kb6 107. Kf5 a5 108. Ke4 Kb5 109. Qc3 Ka4 110. Kd3 Kb5 111. Qb3+ Ka6 112. Kc4
Ka7 1-0

[Event "Championnat de Paris - Open B"]
[Site "Paris"]
[Date "2008.06.28"]
[Round "1.3"]
[White "Lautier, Eric"]
[Black "Saunier, Serge"]
[Result "0-1"]
[WhiteElo "1667"]
[BlackElo "1890"]
[Annotator ""]

1. d4 Nf6 2. Nf3 d5 3. c4 c6 4. Nc3 e6 5. Bg5 Qb6 6. Qc2 Nbd7 7. cxd5 exd5
8. e3 Bd6 9. Bd3 h6 10. Bh4 Qc7 11. Ne2 O-O 12. Bg3 Re8 13. Bxd6 Qxd6 14. Ng3
Nf8 15. O-O g6 16. e4 dxe4 17. Nxe4 Nxe4 18. Bxe4 Qf4 19. Rfe1 Be6 20. b3 Rad8
21. Rad1 Bg4 22. Qd3 a5 23. Re3 Qf6 24. h3 Bc8 25. Qc4 Qf4 26. d5 b5 27. Qd3 f5
28. Nd2 fxe4 29. Nxe4 cxd5 30. Nf6+ Qxf6 31. Rxe8 Rxe8 32. Qxd5+ Qe6 33. Qxb5
Qe2 34. Qd5+ Be6 35. Qd6 Nd7 36. Rd2 Qe5 37. Qd3 Bf5 38. Qc4+ Kg7 39. Rd5 Qa1+
40. Kh2 Be6 41. Qc7 Qf6 42. Rxa5 Qxf2 43. b4 Rf8 44. Qc6 Qe1 45. Qd6 Rf1
46. Qd4+ Kh7 47. g4 Rh1+ 48. Kg2 Qf1+ 49. Kg3 Rxh3+ 0-1

[Event "Championnat de Paris - Open B"]
[Site "Paris"]
[Date "2008.06.28"]
[Round "1.4"]
[White "Fortin, Jean"]
[Black "Blinette, Fabrice"]
[Result "1-0"]
[WhiteElo "1885"]
[BlackElo "1666"]
[Annotator ""]

1. e4 d5 2. exd5 Qxd5 3. Nc3 Qa5 4. d4 Nf6 5. Nf3 Ne4 6. Bd3 Nxc3 7. bxc3 g6
8. O-O Bg7 9. Re1 O-O 10. Rxe7 Nc6 11. Re1 Qxc3 12. Bd2 Qa3 13. d5 Nd4 14. Rb1
b6 15. Bb4 Nxf3+ 16. Qxf3 Qxa2 17. Bxf8 Bxf8 18. d6 Rb8 19. dxc7 Rb7 20. Qc6 a6
21. Bc4 Qa5 22. Re8 b5 23. Qd6 Kg7 24. Qxf8+ Kf6 25. Qh8+ Kg5 26. h4+ Kh6
27. Qf8+ Kh5 28. Be2+ 1-0

[Event "Championnat de Paris - Open B"]
[Site "Paris"]
[Date "2008.06.28"]
[Round "1.5"]
[White "Brebant, Eric"]
[Black "Marks, Edwin"]
[Result "0-1"]
[WhiteElo "1666"]
[BlackElo "1885"]
[Annotator ""]

1. e4 e6 2. d4 d5 3. exd5 exd5 4. c4 Nf6 5. Nc3 c6 6. Nf3 Bd6 7. cxd5 Nxd5
8. Nxd5 cxd5 9. Be2 O-O 10. O-O Nc6 11. Be3 Bf5 12. Rc1 Qb6 13. b3 Ba3 14. Rc3
Bb4 15. Rc1 Qa5 16. Nh4 Be4 17. f3 Bg6 18. Nxg6 fxg6 19. Rc2 Rae8 20. Bf2 Bd6
21. Qd2 Qc7 22. g3 Qb6 23. Rcc1 Rf6 24. Kg2 Rfe6 25. Rfe1 Bb4 26. Qb2 Qa5
27. Kf1 Ba3 28. Qc2 Bxc1 29. Qxc1 Qxa2 30. Qd1 Na5 31. Bb5 R8e7 32. Qc1 Rxe1+
33. Bxe1 Nc6 34. Qc5 Qxh2 35. Qxd5+ Kf8 36. Bf2 Qh1+ 37. Bg1 Qh3+ 38. Kf2 Qe6
39. Qxe6 Rxe6 40. d5 Re5 41. Bc4 Na5 42. f4 Rf5 43. Bd3 Rxd5 44. Be4 Rb5
45. Kg2 b6 0-1

[Event "Championnat de Paris - Open B"]
[Site "Paris"]
[Date "2008.06.29"]
[Round "2.1"]
[White "Clement-Demange, Bernard"]
[Black "Bah, Ismael"]
[Result "1-0"]
[WhiteElo "1701"]
[BlackElo "1890"]
[Annotator ""]

1. c4 c5 2. Nc3 Nf6 3. g3 a6 4. Bg2 d6 5. e3 g6 6. Nge2 Bg7 7. O-O O-O 8. d4
cxd4 9. Nxd4 Qc7 10. b3 Nbd7 11. Bb2 Rb8 12. Qd2 Ne5 13. Nf3 Nc6 14. Rab1 Bf5
15. Rbc1 Rfe8 16. Nd5 Nxd5 17. cxd5 Bxb2 18. Qxb2 Qb6 19. dxc6 bxc6 20. Nd4 c5
21. Nxf5 gxf5 22. Rc4 e5 23. Bh3 d5 24. Rh4 Qg6 25. Qc2 e4 26. Qxc5 Red8
27. Rf4 Rbc8 28. Qd4 Qh6 29. Bxf5 1-0

[Event "Championnat de Paris - Open B"]
[Site "Paris"]
[Date "2008.06.29"]
[Round "2.2"]
[White "Saunier, Serge"]
[Black "Papazian, Carl"]
[Result "1/2-1/2"]
[WhiteElo "1890"]
[BlackElo "1702"]
[Annotator ""]

1. d4 Nf6 2. Nf3 c5 3. e3 g6 4. Bd3 Bg7 5. O-O cxd4 6. exd4 O-O 7. Re1 d6 8. c3
b6 9. h3 Bb7 10. Bf4 Nc6 11. Na3 a6 12. Rc1 b5 13. Nc2 Rc8 14. Qd2 Qd7 15. Bh6
Na5 16. Bxg7 Kxg7 17. Qe2 Rfe8 18. Nb4 Nc6 19. Nc2 Na5 20. Ne3 Nd5 21. Nxd5
Bxd5 22. a3 Bc4 23. Rcd1 Bxd3 24. Rxd3 Nc6 25. Qe4 e6 26. Rde3 d5 27. Qf4 Qe7
28. g4 Qf6 29. Qg3 Kg8 30. Kg2 a5 31. b4 axb4 32. axb4 Ra8 33. Qd6 Rec8 34. Qc5
Rab8 35. Qd6 Ra8 36. Qc5 Rab8 37. Ra1 Qe7 38. Qxe7 Nxe7 39. Ra7 Nc6 40. Rd7 Rd8
41. Rxd8+ Rxd8 42. h4 h6 43. Kg3 Kg7 44. Kf4 Kf6 45. g5+ hxg5+ 46. hxg5+ Ke7
47. Re2 Ra8 48. Ke3 Ra3 49. Kd2 Ra2+ 50. Kd1 Ra1+ 51. Kc2 Ra2+ 52. Kd3 Rxe2
53. Kxe2 f6 54. Ke3 e5 55. gxf6+ Kxf6 56. dxe5+ Nxe5 57. Nd4 Nc4+ 58. Ke2 Nd6
59. Ke3 Nc4+ 60. Ke2 Nd6 61. f3 g5 1/2-1/2

[Event "Championnat de Paris - Open B"]
[Site "Paris"]
[Date "2008.06.29"]
[Round "2.3"]
[White "Guerreiro, Laurent"]
[Black "Fortin, Jean"]
[Result "1-0"]
[WhiteElo "1700"]
[BlackElo "1885"]
[Annotator ""]

1. c4 g6 2. Nc3 Bg7 3. d4 Nf6 4. e4 d6 5. f3 O-O 6. Be3 e5 7. d5 c6 8. Bd3 cxd5
9. cxd5 a6 10. Nge2 Nbd7 11. O-O Nh5 12. Rc1 f5 13. Rc2 f4 14. Bf2 g5 15. h3
Rf7 16. Qd2 Bf8 17. Rfc1 Rg7 18. b4 Nb6 19. a4 Rb8 20. a5 Na8 21. Ba7 Bxh3
22. Bxb8 g4 23. gxh3 gxf3+ 24. Kh1 fxe2 25. Nxe2 Qh4 26. Ng1 Ng3+ 27. Kh2 h5
28. Rc8 Kf7 29. Ba7 Rg6 30. Rxa8 Bh6 31. Rc7+ Kf6 32. Qf2 f3 33. Qxf3+ Bf4
34. Rf8+ Kg5 35. Qg2 Kh6 36. Rh8+ Kg5 37. Nf3+ 1-0

[Event "Championnat de Paris - Open B"]
[Site "Paris"]
[Date "2008.06.29"]
[Round "2.4"]
[White "Marks, Edwin"]
[Black "Guo, Charlotte"]
[Result "0-1"]
[WhiteElo "1885"]
[BlackElo "1700"]
[Annotator ""]

1. d4 d5 2. c4 c6 3. Nf3 e6 4. Nc3 dxc4 5. e3 b5 6. Ne5 Bb4 7. a4 Bb7 8. Bd2 a5
9. Qg4 g6 10. Qf3 Qc7 11. axb5 Bxc3 12. bxc3 cxb5 13. e4 Nc6 14. Ng4 h5
15. Nf6+ Nxf6 16. Qxf6 Rg8 17. Rb1 Ba6 18. Be2 Qe7 19. Qf4 e5 20. dxe5 Qxe5
21. O-O Qxf4 22. Bxf4 O-O-O 23. Bxc4 bxc4 24. Rb6 Bb7 25. Rfb1 Ba8 26. h3 f6
27. g4 hxg4 28. hxg4 g5 29. Bg3 Kd7 30. Ra6 Ke7 31. Rbb6 Rc8 32. Kf1 Rgd8
33. Ke2 Rd7 34. f4 Rd3 35. Be1 gxf4 36. Rxa8 Rxa8 37. Rxc6 Re3+ 38. Kf2 Rxe4
39. Rb6 a4 40. Rb2 a3 41. Ra2 Re6 42. Bd2 Rb6 43. Bc1 Rb3 44. Ke2 Rxc3 45. Bxf4
Rb3 46. Bc1 Rg3 47. Kd1 Rxg4 48. Bxa3+ Kf7 49. Rc2 Rg1+ 50. Kd2 Rg2+ 0-1

[Event "Championnat de Paris - Open B"]
[Site "Paris"]
[Date "2008.06.29"]
[Round "2.5"]
[White "Engel, Gerard"]
[Black "Borrat, Julien"]
[Result "0-1"]
[WhiteElo "1698"]
[BlackElo "1878"]
[Annotator ""]

1. c4 c6 2. Nf3 d5 3. cxd5 cxd5 4. g3 Nf6 5. Bg2 Nc6 6. d3 Qa5+ 7. Nbd2 e5
8. O-O Be6 9. b3 Bb4 10. Bb2 O-O 11. a3 Bd6 12. b4 Qb6 13. e4 a5 14. exd5 Bxd5
15. Nc4 Bxc4 16. dxc4 Bc7 17. c5 Qb5 18. Qc1 axb4 19. axb4 Rxa1 20. Bxa1 Qxb4
21. Qc3 Qxc3 22. Bxc3 Nd7 23. Rd1 Rd8 24. Rd5 f6 25. Bh3 Ndb8 26. Rxd8+ Nxd8
27. Nd2 Kf7 28. Nb3 Nbc6 29. Bf5 Ne6 30. Be4 g6 31. Bd5 Ke7 32. Kg2 Bb8 33. Na5
Nxa5 34. Bxa5 Nxc5 35. Bb6 Kd6 36. Bg8 Nd7 37. Be3 g5 38. Bxh7 Nc5 39. Bc2 b5
40. Bd2 Kd5 41. Bg6 Bd6 42. Be8 Ne4 43. Be3 Kc4 44. Bf7+ Kc3 45. Kf3 Nd2+
46. Ke2 Nc4 47. Bxc4 bxc4 48. Kd1 g4 49. Bd2+ Kd3 50. Be3 c3 51. Bc1 c2+
52. Ke1 Bb4+ 0-1

[Event "Championnat de Paris - Open B"]
[Site "Paris"]
[Date "2008.06.30"]
[Round "3.1"]
[White "Borrat, Julien"]
[Black "Bayart, Jules"]
[Result "1-0"]
[WhiteElo "1878"]
[BlackElo "1720"]
[Annotator ""]

1. d4 e6 2. e4 d5 3. Be3 Nf6 4. e5 Nfd7 5. f4 c5 6. c3 Nc6 7. Nf3 Be7 8. Bd3 f6
9. exf6 Nxf6 10. dxc5 O-O 11. Nbd2 h6 12. Ne5 Qc7 13. Ndf3 Nxe5 14. Nxe5 Bxc5
15. Qe2 b6 16. O-O Re8 17. Rf3 Bb7 18. Bd4 Nd7 19. Kh1 Nxe5 20. Bxe5 Bd6
21. Re3 Re7 22. Re1 Rf8 23. Qg4 Bxe5 24. fxe5 g5 25. Rh3 Rf4 26. Qh5 Ref7
27. Qxh6 Qxe5 28. Bh7+ Kh8 29. Bg6+ Kg8 30. Bxf7+ Rxf7 31. Qg6+ Qg7 32. Qxe6 d4
33. Rh6 Qf8 34. Rf1 dxc3 35. Rg6+ Kh7 36. Rxf7+ 1-0

[Event "Championnat de Paris - Open B"]
[Site "Paris"]
[Date "2008.06.30"]
[Round "3.2"]
[White "Genin, Alexandre"]
[Black "Durand, Sylvain"]
[Result "1/2-1/2"]
[WhiteElo "1719"]
[BlackElo "1877"]
[Annotator ""]

1. e4 c6 2. d4 d5 3. exd5 cxd5 4. c4 e6 5. Nc3 Nf6 6. Bf4 Bd6 7. Qd2 a6 8. Nf3
dxc4 9. Bxc4 b5 10. Bd3 Bb7 11. Ne5 Nc6 12. Qe3 Bb4 13. Qg3 Qxd4 14. Nxc6 Bxc6
15. Be5 Qc5 16. O-O Nh5 17. Qg4 Qxe5 18. Qxb4 Nf4 19. Be4 Bxe4 20. Nxe4 Nd3
21. Nd6+ Kd7 22. Nxf7 Nxb4 23. Nxe5+ Ke7 24. a3 Nd5 25. Rac1 Rhc8 26. g3 Nb6
27. Rfd1 Rxc1 28. Rxc1 Rc8 29. Rxc8 Nxc8 30. b4 Kd6 31. Nd3 Nb6 32. Nc5 Nc4
33. Nxa6 Nxa3 34. f4 Kd5 35. Nc7+ Kc4 36. Nxe6 g6 37. Nf8 Kxb4 38. Nxh7 Kc4
39. Ng5 b4 40. Ne4 Kd4 41. Nd2 Kd3 42. Nb3 Nc4 43. Kf2 Nd2 44. Nc1+ Kc4 45. Ke2
Nb3 46. Kd1 Nd4 47. h4 Nf5 48. Ke2 Nd4+ 49. Ke3 Nf5+ 50. Kf3 Kd5 51. Kg4 Ke4
52. Nb3 Nd4 53. Nc1 Ke3 54. Na2 b3 55. Nc3 Kd3 56. Na4 Ke4 57. Kg5 Kf3 58. Kxg6
Kxg3 59. h5 Ne6 60. Kf6 Nc5 61. Nb2 Kg4 1/2-1/2

[Event "Championnat de Paris - Open B"]
[Site "Paris"]
[Date "2008.06.30"]
[Round "3.3"]
[White "Heitz, Robert"]
[Black "Rachid, Danial"]
[Result "0-1"]
[WhiteElo "1715"]
[BlackElo "1871"]
[Annotator ""]

1. d4 Nf6 2. Nf3 g6 3. c4 c5 4. Nc3 Bg7 5. d5 d6 6. h3 O-O 7. e4 Nbd7 8. Bd3 a6
9. O-O b5 10. cxb5 axb5 11. Bxb5 Ba6 12. Qa4 Qb6 13. Nd2 Bxb5 14. Qxb5 Qxb5
15. Nxb5 Rfb8 16. Nc3 Ne8 17. f4 Nc7 18. a4 Rb4 19. Rf3 Bxc3 20. bxc3 Rbxa4
21. Rxa4 Rxa4 22. c4 Nb6 23. Rc3 Na6 24. Ra3 Nb4 25. Rxa4 Nxa4 26. Nb3 Nd3
27. Be3 Nb6 28. Nd2 Nb2 29. e5 N2xc4 30. Nxc4 Nxc4 31. exd6 exd6 32. Bc1 Nb6
33. Kf2 Nxd5 34. Kf3 f5 35. g4 Kf7 36. h4 Ke6 37. g5 Ne7 38. Ke3 d5 39. Kd3 Nc6
40. Bd2 Nd4 41. Ke3 Nb3 42. Be1 d4+ 43. Kd3 Kd5 44. Kc2 c4 45. Bb4 Ke4 46. Bd6
d3+ 47. Kd1 c3 48. h5 c2+ 0-1

[Event "Championnat de Paris - Open B"]
[Site "Paris"]
[Date "2008.06.30"]
[Round "3.4"]
[White "Touati, Bruno"]
[Black "Salgues, Michel"]
[Result "0-1"]
[WhiteElo "1846"]
[BlackElo "1708"]
[Annotator ""]

1. Nf3 Nf6 2. c4 d5 3. d4 Bg4 4. Ne5 Bh5 5. Nc3 e6 6. Bf4 c6 7. Qb3 Qb6 8. e3
Qxb3 9. axb3 Bb4 10. Bd3 Nbd7 11. O-O Nxe5 12. Bxe5 Nd7 13. Bxg7 Rg8 14. Bh6
Bxc3 15. bxc3 Bf3 16. g3 Nf6 17. cxd5 exd5 18. Bf4 Ne4 19. Rfc1 h5 20. c4 dxc4
21. bxc4 a6 22. Rcb1 O-O-O 23. Ra5 h4 24. Re5 hxg3 25. hxg3 Rh8 0-1

[Event "Championnat de Paris - Open B"]
[Site "Paris"]
[Date "2008.06.30"]
[Round "3.5"]
[White "Ruimy, Michel"]
[Black "Clement-Demange, Bernard"]
[Result "1/2-1/2"]
[WhiteElo "1843"]
[BlackElo "1701"]
[Annotator ""]

1. e4 c5 2. Nc3 Nc6 3. Bb5 a6 4. Bxc6 dxc6 5. d3 g6 6. Be3 b6 7. Qd2 Bg7
8. Nge2 Nf6 9. Bh6 O-O 10. Bxg7 Kxg7 11. O-O-O Ng4 12. f3 Nf2 13. h4 h6 14. h5
g5 15. f4 f6 16. fxg5 fxg5 17. Rhg1 Nxd1 18. Nxd1 Qd6 19. g4 Bd7 20. Ne3 Rf2
21. Qc3+ Qf6 22. e5 Qe6 23. Nf5+ Kh7 24. Kd1 Rf8 25. b3 R8xf5 26. gxf5 Qxf5
27. Ng3 Qf3+ 28. Kc1 Qe3+ 29. Kb2 Rf3 30. Re1 Qd4 31. Ne4 Be8 32. a4 Qxc3+
33. Kxc3 Bxh5 34. a5 bxa5 35. Kc4 Bg6 36. Kxc5 Bxe4 37. Rxe4 Rf4 38. Re2 g4
39. Kxc6 Kg6 40. Kd7 Kf7 41. c4 Rd4+ 42. Kc6 Rxd3 43. Kb6 Rxb3+ 44. Kxa5 Ke6
45. Kxa6 Kd7 46. Ka5 Kc6 47. Ka4 Rf3 48. Kb4 g3 49. Ra2 Rf2 50. Ra6+ Kc7
51. Rxh6 g2 52. Rg6 Re2 53. Kc3 Rxe5 54. Rxg2 1/2-1/2

[Event "Championnat de Paris - Open B"]
[Site "Paris"]
[Date "2008.07.01"]
[Round "4.1"]
[White "Salgues, Michel"]
[Black "Borrat, Julien"]
[Result "0-1"]
[WhiteElo "1708"]
[BlackElo "1878"]
[Annotator ""]

1. e4 e6 2. d4 b6 3. Bd3 Bb7 4. Nf3 c5 5. c3 Nc6 6. d5 exd5 7. exd5 Qe7+ 8. Qe2
Nd8 9. c4 Qxe2+ 10. Kxe2 g6 11. Re1 d6 12. Nc3 Bg7 13. Kf1+ Kd7 14. Bc2 a6
15. Ba4+ Kc7 16. Bd2 f5 17. Re8 Nf7 18. Rae1 Ne5 19. Ng5 Rxe8 20. Bxe8 Bc8
21. Nf7 Nxf7 22. Bxf7 Bf6 23. Bf4 Ne7 24. Nd1 g5 25. Bd2 Rf8 26. Be6 b5
27. Ba5+ Kb7 28. Bxc8+ Nxc8 29. cxb5 axb5 30. Bc3 Nb6 31. Bxf6 Rxf6 32. Re7+
Ka6 33. Ne3 h5 34. Re6 Nxd5 35. Rxf6 Nxf6 36. Nxf5 d5 37. Ke2 Kb6 38. f3 Kc6
39. h3 d4 40. g4 h4 41. Nh6 Nd5 42. Nf7 Nf4+ 43. Kd2 Nxh3 44. b3 c4 45. bxc4
bxc4 46. a4 Kb6 47. Nd6 c3+ 48. Kd3 Nf4+ 49. Kc2 h3 50. Ne4 h2 51. Nf2 Ka5
52. Kb3 Ne2 53. Nh1 d3 54. Nf2 d2 55. Kc2 Nd4+ 0-1

[Event "Championnat de Paris - Open B"]
[Site "Paris"]
[Date "2008.07.01"]
[Round "4.2"]
[White "Rachid, Danial"]
[Black "Grigorian, Roudolph"]
[Result "1-0"]
[WhiteElo "1871"]
[BlackElo "1712"]
[Annotator ""]

1. e4 e6 2. d4 d5 3. e5 c5 4. c3 Nc6 5. Nf3 Qb6 6. Bd3 cxd4 7. cxd4 Bd7 8. O-O
Nxd4 9. Nxd4 Qxd4 10. Nc3 a6 11. Qe2 Ne7 12. Rd1 Qb6 13. Kh1 Nc6 14. f4 g6
15. Be3 Qd8 16. Qf2 d4 17. Bxd4 Nxd4 18. Qxd4 Bc6 19. Be4 Qxd4 20. Bxc6+ bxc6
21. Rxd4 Be7 22. Rad1 O-O 23. Rd7 Bb4 24. Ne4 Ba5 25. Nd6 Rad8 26. Nb7 Rxd7
27. Rxd7 Bb6 28. g3 Re8 29. Kg2 Rc8 30. Nd6 Rd8 31. Rb7 Bc5 32. Ne4 Bd4
33. Nf6+ Kg7 34. Ne4 Kg8 35. b3 h5 36. Rc7 c5 37. Ra7 c4 38. Rxa6 cxb3 39. axb3
Rb8 40. Rd6 Rb4 41. Nf6+ Kg7 42. Rd8 Bc5 43. Rg8+ Kh6 44. Ne8 Kh7 45. Rg7+ Kh8
46. Rxf7 Kg8 47. Rc7 Bb6 48. Nf6+ Kf8 49. Nd7+ Kg8 50. Rb7 Ba5 51. Rxb4 Bxb4
52. Kh3 Kg7 53. g4 hxg4+ 54. Kxg4 Kh6 55. Nf6 Bc5 56. Ne8 Bb6 57. b4 Bd8 58. h4
Bb6 59. Nd6 Bc7 60. Nf7+ 1-0

[Event "Championnat de Paris - Open B"]
[Site "Paris"]
[Date "2008.07.01"]
[Round "4.3"]
[White "Cabel-Simon, Remi"]
[Black "Guerreiro, Laurent"]
[Result "1-0"]
[WhiteElo "1821"]
[BlackElo "1700"]
[Annotator ""]

1. Nf3 c5 2. g3 Nf6 3. Bg2 g6 4. d3 Bg7 5. O-O O-O 6. Nbd2 Nc6 7. e4 d6 8. c3
e5 9. Ne1 Ne8 10. f4 f5 11. exf5 Rxf5 12. Ne4 exf4 13. Rxf4 Be6 14. Rxf5 Bxf5
15. Qb3+ Kh8 16. Ng5 Qe7 17. Nf7+ Kg8 18. Nh6+ 1-0

[Event "Championnat de Paris - Open B"]
[Site "Paris"]
[Date "2008.07.01"]
[Round "4.4"]
[White "Fontaine, Olivier"]
[Black "Pichon, Julien"]
[Result "1-0"]
[WhiteElo "1797"]
[BlackElo "1690"]
[Annotator ""]

1. d4 d5 2. c4 c6 3. Nf3 Nf6 4. Bf4 e6 5. e3 Bd6 6. Bxd6 Qxd6 7. Nc3 Nbd7
8. Bd3 dxc4 9. Bxc4 Qe7 10. O-O O-O 11. Re1 Re8 12. Qe2 e5 13. Rad1 b5 14. Bb3
Bb7 15. d5 Qc5 16. Rc1 Qb6 17. Red1 h6 18. dxc6 Bxc6 19. Nd5 Nxd5 20. Rxc6 Qxc6
21. Bxd5 Qc7 22. Bxa8 Rxa8 23. Qxb5 Rd8 24. Qd5 Qc2 25. Nxe5 Rb8 26. Qxd7 Rxb2
27. Qxf7+ Kh7 28. Rf1 Rb1 29. Qg6+ Qxg6 30. Nxg6 Rb2 31. Ne5 Rxa2 32. g3 a5
33. Rb1 Rc2 34. Rb7 Rc5 35. Nf3 1-0

[Event "Championnat de Paris - Open B"]
[Site "Paris"]
[Date "2008.07.01"]
[Round "4.5"]
[White "Demange, Jean"]
[Black "Durand, Victor"]
[Result "1/2-1/2"]
[WhiteElo "1794"]
[BlackElo "1635"]
[Annotator ""]

1. e4 e5 2. Nf3 Nc6 3. Nc3 Nf6 4. g3 Bc5 5. Bg2 d6 6. h3 Be6 7. O-O h6 8. d3
Qd7 9. Kh2 g5 10. Nd5 Nxd5 11. exd5 Bxd5 12. c3 O-O-O 13. b4 Bb6 14. a4 a5
15. Be3 Bxe3 16. fxe3 Be6 17. Ng1 d5 18. bxa5 Nxa5 19. Rb1 h5 20. Rb5 b6
21. Rf6 Qe7 22. Qf1 Nb7 23. c4 c6 24. Rxb6 Qc7 25. Qb1 h4 26. cxd5 hxg3+
27. Kxg3 cxd5 28. e4 dxe4 29. Bxe4 Nc5 30. Rf2 Nxe4+ 31. dxe4 Rd3+ 32. Qxd3
Qxb6 33. Rc2+ Kb7 34. Qb5 Qxb5 35. axb5 Kb6 36. Rb2 1/2-1/2

[Event "Championnat de Paris - Open B"]
[Site "Paris"]
[Date "2008.07.02"]
[Round "5.1"]
[White "Borrat, Julien"]
[Black "Fontaine, Olivier"]
[Result "1-0"]
[WhiteElo "1878"]
[BlackElo "1797"]
[Annotator ""]

1. d4 Nf6 2. Nc3 d5 3. e4 e6 4. e5 Nfd7 5. f4 c5 6. Nf3 Nc6 7. a3 cxd4 8. Nb5
a6 9. Nbxd4 Nxd4 10. Nxd4 Nb6 11. Bd3 Be7 12. O-O Bd7 13. Kh1 Qc7 14. Qe2 g6
15. g4 h5 16. f5 hxg4 17. fxg6 fxg6 18. Bxg6+ Kd8 19. Bf4 Qc4 20. Qf2 Rf8
21. Bd3 Qc7 22. a4 Bc5 23. Bg5+ Be7 24. Qxf8+ 1-0

[Event "Championnat de Paris - Open B"]
[Site "Paris"]
[Date "2008.07.02"]
[Round "5.2"]
[White "Eden, James"]
[Black "Rachid, Danial"]
[Result "1/2-1/2"]
[WhiteElo "1790"]
[BlackElo "1871"]
[Annotator ""]

1. e4 e6 2. d4 d5 3. Nc3 Bb4 4. e5 c5 5. Bd2 Ne7 6. Nb5 Bxd2+ 7. Qxd2 O-O 8. f4
a6 9. Nd6 cxd4 10. Qxd4 Nbc6 11. Qd2 f6 12. Nxc8 Rxc8 13. exf6 Rxf6 14. Bd3 Qb6
15. c3 d4 16. Ne2 Nd5 17. cxd4 Ncb4 18. Bb1 Qc7 19. O-O Nc2 20. Rc1 Nde3 21. d5
Qc5 22. b4 Qxd5 23. Qxd5 exd5 24. Nd4 Rc4 25. Rxc2 Nxc2 26. Nxc2 Rfxf4 27. Ne1
g6 28. Bc2 Kg7 29. Bb3 Rc7 30. a3 d4 31. Nd3 Rf6 32. Nc5 Re7 33. Rd1 Re3
34. Bd5 b6 35. Ne4 Rf5 36. Bc6 d3 37. Nf2 d2 38. Kf1 Rfe5 39. Ne4 Rf5+ 40. Nf2
Rfe5 41. Ne4 Rf5+ 42. Nf2 1/2-1/2

[Event "Championnat de Paris - Open B"]
[Site "Paris"]
[Date "2008.07.02"]
[Round "5.3"]
[White "Ecalle, Aurelien"]
[Black "Cabel-Simon, Remi"]
[Result "1-0"]
[WhiteElo "1615"]
[BlackElo "1821"]
[Annotator ""]

1. d4 g6 2. c4 Bg7 3. Nc3 d6 4. e4 Nc6 5. Be3 e5 6. d5 Nce7 7. Bd3 f5 8. f3 Nf6
9. Nge2 O-O 10. Qb3 b6 11. O-O-O fxe4 12. Nxe4 Nf5 13. Bg5 Bh6 14. Bxh6 Nxh6
15. N2g3 Nf5 16. h4 Nxe4 17. Nxe4 Nxh4 18. Rh2 Nf5 19. Rdh1 Rf7 20. Qc2 Qe7
21. Qd2 Rg7 22. g4 Nd4 23. Ng5 Qf6 24. Be4 Qe7 25. Rxh7 Rxh7 26. Rxh7 Qf6
27. Rf7 Qh8 28. Rh7 Qf6 29. Rh6 Ne2+ 30. Qxe2 Qxg5+ 31. Qd2 Qxd2+ 32. Kxd2 Kf7
33. Rh7+ Kf6 34. Rxc7 Ba6 35. Ke3 Rc8 36. Rc6 Kf7 37. b3 Rxc6 38. dxc6 Bc8
39. Kd3 Kf6 40. b4 a6 41. a4 Kg5 42. a5 bxa5 43. bxa5 Kf4 44. Bxg6 Kxf3 45. Bf5
e4+ 46. Bxe4+ Kxg4 47. Kd4 Be6 48. c5 dxc5+ 49. Kxc5 Kf4 50. Bh1 Ke5 51. Kb6
Kd6 52. Kxa6 Kc7 1-0

[Event "Championnat de Paris - Open B"]
[Site "Paris"]
[Date "2008.07.02"]
[Round "5.4"]
[White "Assedo, Johaquim"]
[Black "Durand, Sylvain"]
[Result "1-0"]
[WhiteElo "1723"]
[BlackElo "1877"]
[Annotator ""]

1. e4 c6 2. d4 d5 3. exd5 cxd5 4. c4 e6 5. cxd5 exd5 6. Nf3 Nf6 7. Nc3 Bb4
8. Bb5+ Bd7 9. Bxd7+ Qxd7 10. Bd2 O-O 11. O-O Nc6 12. Ne5 Nxe5 13. dxe5 Ng4
14. Nxd5 Bxd2 15. Qxd2 Rad8 16. Rad1 Qe6 17. Rfe1 Rd7 18. Qa5 b6 19. Nxb6 Qh6
20. Nxd7 Qxh2+ 21. Kf1 Qh1+ 22. Ke2 Qxg2 23. Qc5 Re8 24. Rd3 Qe4+ 25. Kd2 Qf4+
26. Kc2 Nxf2 27. Rd4 Qf5+ 28. Kb3 Qf3+ 29. Kc4 Qb7 30. Qb5 Rc8+ 31. Nc5 Qf3
32. Qd7 Rf8 33. e6 1-0

[Event "Championnat de Paris - Open B"]
[Site "Paris"]
[Date "2008.07.02"]
[Round "5.5"]
[White "Ruimy, Michel"]
[Black "Talamon, Jerome"]
[Result "0-1"]
[WhiteElo "1843"]
[BlackElo "1694"]
[Annotator ""]

1. e4 e6 2. d4 d5 3. Nd2 dxe4 4. Nxe4 Nd7 5. Nf3 Ngf6 6. Bg5 h6 7. Nxf6+ Nxf6
8. Bh4 c5 9. Bb5+ Bd7 10. Bxd7+ Qxd7 11. Bxf6 gxf6 12. O-O cxd4 13. Qxd4 Qxd4
14. Nxd4 O-O-O 15. Rad1 Bc5 16. Nb5 a6 17. Nc3 f5 18. Rxd8+ Rxd8 19. Rd1 Bd4
20. Kf1 Bxc3 21. Rxd8+ Kxd8 22. bxc3 Kd7 23. Ke2 Kd6 24. Kd3 Kc5 25. f3 e5
26. g4 fxg4 27. fxg4 Kd5 28. h4 e4+ 29. Ke3 Ke5 30. g5 hxg5 31. hxg5 Kf5 32. c4
Kxg5 33. Kxe4 Kg4 34. Ke3 f5 35. c5 Kg3 36. Ke2 f4 37. Kf1 Kf3 38. a4 a5 39. c3
Ke3 40. Ke1 f3 41. Kf1 f2 0-1

[Event "Championnat de Paris - Open B"]
[Site "Paris"]
[Date "2008.07.03"]
[Round "6.1"]
[White "Ecalle, Aurelien"]
[Black "Borrat, Julien"]
[Result "1-0"]
[WhiteElo "1615"]
[BlackElo "1878"]
[Annotator ""]

1. Nf3 Nf6 2. d4 g6 3. c4 Bg7 4. Nc3 O-O 5. e4 d6 6. Be2 e5 7. Be3 Nc6 8. d5
Ne7 9. O-O Ne8 10. Ne1 f5 11. f3 f4 12. Bf2 g5 13. c5 Ng6 14. Rc1 Rf7 15. cxd6
Nxd6 16. Qc2 Bf6 17. Nb5 Nf8 18. Nxc7 h5 19. Nxa8 b6 20. Nc7 g4 21. Nb5 Bh4
22. Nxd6 g3 23. Bxb6 Qxd6 24. Qxc8 Qxb6+ 25. Qc5 gxh2+ 26. Kh1 Qg6 27. Qc6 Qg5
28. Qc8 Rg7 29. Qh3 Ng6 30. Qf5 Qg3 31. Rc8+ 1-0